000
00334nam a22001457a 4500
008
210521b ||||| |||| 00| 0 eng d
020
_a
9780393936704
041
_a
eng
080
_a
541
082
_a
541
100
_a
12
101
_a
KIM
245
_a
Instructor's Solutions Manual Chemistry
_c
Karen S. Brewer
942
_2
udc
_c
BK
999
_c
57606
_d
57606